000 00397nam a22001577a 4500
005 20180323124930.0
008 160621b xxu||||| |||| 00| 0 eng d
041 _aeng
082 _b8760
_a338.5024658
100 _aDwivedi, D.N
_9314
245 _aManagerial Economics
260 _a New Delhi
_bVikas Publishing House (P) Ltd.
_c2008
300 _a695
650 _aManagement
_9241
942 _cBK
999 _c3397
_d3396